000 00811nam a2200265 a 4500
001 61187
003 BD-RjUL
005 20211209080930.0
008 170115s1999 nyua b 001 0 eng d
020 _a0072904720
035 _a(BD-RjUL)61311
040 _aBD-RjUL
_cBD-RjUL
_dBD-RjUL
_beng
041 _aeng
082 _223
_a657
_bBAA 1999
100 1 _aBaker, Richard E.
_9182541
245 0 0 _aAdvanced financial accounting /
_cRichard E Baker; Valdean C Lembke; Thomas E King
250 _a4th ed.
260 _aBoston, Ma. :
_bMcGraw-Hill Irwin,
_cc1999.
300 _axxxi, 1288 p. :
_bill. ;
_c26 cm.
504 _aIncludes bibliographical references and index.
650 0 _aAccounting.
_940349
700 1 _aLembke, Valdean C.;
_940350
700 1 _aKing, Thomas E;
_9182542
942 _2ddc
_cBK
999 _c61187
_d61187